| 000 | 01153nam a2200241Ia 4500 | ||
|---|---|---|---|
| 999 |
_c3989 _d3989 |
||
| 003 | OSt | ||
| 005 | 20200402181455.0 | ||
| 008 | 191128s2006 ck gr 001 0 spa d | ||
| 020 | _a9589776701 | ||
| 040 |
_aCO-JMCR _cCO-JMCR |
||
| 041 | 0 | _aspa | |
| 082 | 0 | 4 |
_a152.4 / _bC824a |
| 100 | 1 |
_aCorrea Molina, Luz Melva, _eautora _92463 |
|
| 245 | 1 | 3 |
_aEl amor y la inteligencia emocional / _cLuz Melva Correa Molina |
| 260 |
_aBogotá : _bTrillas, _c2006 |
||
| 300 |
_a111 páginas ; _c24 cm |
||
| 500 | _aIncluye bibliografía. | ||
| 505 | _aCerebro emocional -- Las emociones -- Inteligencia emocional -- Inteligencia emocional en la familia -- Educación emocional -- Educación emocional y el amor -- La inteligencia emocional y el medio ambiente -- Algunas prácticas para mejorar el coeficiente | ||
| 520 | _aEste libro está pensando par alcanzar una mayor compresión sobre las emociones propias y ajenas; ofrece alternativas de edad, clase social, género o grado de escolaridad, puede transformar su vida con sólo desearlo, utilizando técnicas apropiadas. | ||
| 546 | _aspa | ||
| 650 | 1 | 4 |
_aPsicología Emociones _92464 |
| 942 |
_2ddc _cBK |
||